Palivá a energia stavebníctvo rozvoj SSSR

Bibliographic Details
Format: Book
Language:Slovak
Published: Bratislava Ústredný výbor Komunistickej strany Slovenska 1964
Series:Fakty, argumenty
Subjects:

MARC

LEADER 00000cam a2200000 a 4500
001 vtls001352688
003 SK-MaSNL
005 20260301160709.0
008 990116s1964 xo g f 00000 slo
015 |a SNBA1964 
035 |a SNK000306074 
040 |a SNK  |b slo  |c SNK  |e AACR2 
041 0 |a slo 
043 |a e-ur--- 
044 |a xo  |c SK 
080 |a 662.62/.8  |2 2011 
080 |a 620.9  |2 2011 
080 |a 69  |2 2011 
080 |a (47+57)  |2 2011 
080 |a (035)  |2 2011 
245 0 0 |a Palivá a energia  |b stavebníctvo rozvoj SSSR 
260 |a Bratislava  |b Ústredný výbor Komunistickej strany Slovenska  |c 1964 
300 |a 40 strán 
490 1 |a Fakty, argumenty  |v Roč. 9, č. 24, 1964 
650 0 7 |a palivá  |2 SNKPH  |9 20464 
650 0 7 |a energia  |2 SNKPH  |9 15416 
650 0 7 |a stavebníctvo  |2 SNKPH  |9 726 
651 7 |a Sovietsky zväz  |2 SNKPHgeo  |9 22126 
655 7 |a príručky  |2 SNKPH  |9 74364 
830 0 |a Fakty, argumenty  |9 522627 
958 |a OND 
999 |c 806521  |d 808451 
952 |t P60, <04>, [BOOK], {604}  |a SNK  |b SNK  |y VYP  |7 0  |p 17A0070165  |o snkSC 15255/9/24 D1  |0 0  |1 0  |4 0  |d 1999-01-16  |l 0  |r 2005-01-02 00:00:00  |w 2026-02-24